Stanovenie hodnoty nehmotného majetku podniku diplomová práca

Salvato in:
Dettagli Bibliografici
Autore principale: Ondrejkovičová, Dáša
Ente Autore: Fakulta podnikového manažmentu EU. Katedra podnikových financií
Altri autori: Harumová, Anna, 1955-
Natura: Libro
Lingua:slovacco
Pubblicazione: Bratislava 2013
Tags: Aggiungi Tag
Nessun Tag, puoi essere il primo ad aggiungerne!!

MARC

LEADER 00000nbm a2200000 4500
001 0170950
005 20161109102420.6
041 0 |a slo 
044 |a SK 
245 1 0 |a Stanovenie hodnoty nehmotného majetku podniku  |b diplomová práca  |c Dáša Ondrejkovičová ; školiteľ: Anna Harumová 
264 1 |a Bratislava  |c 2013 
300 |a 67 s. 
100 1 |a Ondrejkovičová, Dáša 
700 1 |a Harumová, Anna, 1955- 
710 2 |a Fakulta podnikového manažmentu EU. Katedra podnikových financií